| 000 | 00000nam##2200000za#4500 |
| 001 | 9.643190 |
| 003 | CaOODSP |
| 005 | 20210624224044 |
| 007 | cr ||||||||||| |
| 008 | 150407|2006||||xxc|||||o f|0| 0 fre|d |
| 040 | |aCaOODSP|bfre |
| 043 | |an-cn--- |
| 086 | 1 |aEn108-4/68-2005F-PDF |
| 110 | 1 |aCanada.|bConseil canadien des ministres de l'environnement. |
| 245 | 10|aAnalyse des pratiques et des initiatives de conservation de l'eau au Canada et ailleurs : |h[ressource électronique]|benjeux, possibilités et orientations proposées / |cpréparé pour le Groupe de travail sur la conservation de l'eau et l'économie, Conseil canadien des ministres de l'environnement, par J. Kinkead Consulting. |
| 260 | |aWinnipeg - Manitoba : |bConseil canadien des ministres de l'environnement |cc2006. |
| 300 | |a325p.|bfigures, glossaire, graphiques, cartes, références, tableaux, photographies |
| 590 | |a14-09-Supp|b2014-04-23 |
| 691 | 07|aConservation de l'eau|2gcpds |
| 775 | 08|tAn analysis of Canadian and other water conservation practices and initiatives : |w(CaOODSP)9.699229 |
| 856 | 40|ahttp://publications.gc.ca|qPDF|s3.52 Mo|uhttps://publications.gc.ca/collections/collection_2014/ec/En108-4-68-2005-fra.pdf |
| 986 | |aPN 1360 |